[Event "Bundesliga 0203"]
[Site "Germany"]
[Date "2003.01.12"]
[Round "9.4"]
[White "Holzke, Frank"]
[Black "Berg, Emanuel"]
[Result "1-0"]
[WhiteElo "2479"]
[BlackElo "2516"]
[Annotator "Mueller,Karsten"]
[PlyCount "81"]
[EventDate "2002.10.19"]
[EventType "team-tourn"]
[EventRounds "15"]
[EventCountry "GER"]
[SourceTitle "CBM 093"]
[Source "ChessBase"]
[SourceDate "2003.04.01"]
[SourceVersion "1"]
[SourceVersionDate "2003.04.01"]
[SourceQuality "1"]
[WhiteTeam "Wattenscheid"]
[BlackTeam "Hamburger SK"]
[WhiteTeamCountry "GER"]
[BlackTeamCountry "GER"]

1. e4 e6 2. d4 d5 3. Nd2 Nf6 4. e5 Nfd7 5. Bd3 c5 6. c3 Nc6 7. Ne2 cxd4 8. cxd4
f6 9. exf6 Nxf6 10. O-O Bd6 11. Nf3 Qc7 12. Bg5 O-O 13. Rc1 Ng4 14. Ng3 Bd7 15.
Nd2 $5 {[%cal Gd2b3,Gb3c5][%mdl 8] leitet einen sehr interessanten Plan ein,
der dazu dient, den wichtigen schwarzen Läufer d6 zu tauschen.} (15. Bd2 Nf6
16. Bc3 Bf4 17. Rc2 Qb6 18. Ne5 $14 {1-0 Myo Naing-Temirbaev,S/Kuala Lumpur
1993/EXT 98 (58). (57)}) (15. Bb1 Bf4 16. Qd3 g6 17. Rc3 Rae8 $11 {/+/= 0-1
Karlsson,B-Short,N/Vestmannaeyjum 1985/MCL (40)}) (15. Qc2 h6 16. Bd2 Qb6 17.
Bc3 Nb4 18. Bxb4 Qxb4 19. Qe2 Rac8 $11 {49-move. 1/2-1/2 Dervishi,E-Williams,S/
Menorca 1996/Juniors (28)}) 15... Nf6 (15... e5 {ist möglicherweise der
kritische Test, z.B.} 16. Qb3 Be6 17. h3 Nf6 18. dxe5 Bxe5 19. Nf3 $11 {/+/=})
16. Nb3 Rae8 (16... e5 17. dxe5 Bxe5 18. Nc5 $14) 17. Nc5 Bxc5 18. Rxc5 Qd6 19.
Bc2 Nb4 (19... e5 $2 20. Bxf6 Nxd4 21. Bxe5 Qxe5 22. Rxd5 Qxd5 23. Bb3 Qxb3 24.
axb3 Rf4 25. Re1 $18) (19... b6 $6 20. Rc3 e5 21. dxe5 Qxe5 22. Bxf6 Rxf6 23.
Bb3 Rd6 24. Re3 $36) 20. Bb1 e5 21. Bxf6 $1 gxf6 22. Nf5 Bxf5 23. Bxf5 Nc6 $2 (
23... Rf7 $142 $14) 24. Qg4+ Kh8 {[%tqu "De","Weiß zieht und gewinnt","","",
"f5h7","",7]} 25. Bxh7 $3 $18 {[%mdl 640] ein mächtiger Schlag ins Kontor!} Re7
26. Bg6 f5 (26... Nxd4 27. Qh5+ Kg8 28. Rc3 $18) 27. Qh5+ Kg8 28. Rc3 Rg7 (
28... f4 29. Rh3 Qf6 30. dxe5 Nxe5 31. Bh7+ Kg7 32. Be4 Rfe8 33. Bxd5 $18) 29.
Rg3 Rf6 (29... f4 $2 30. Bh7+ Kh8 31. Bf5+ Kg8 32. Qh7+ Kf7 33. Rxg7+ $18) 30.
dxe5 Qxe5 (30... Nxe5 31. Bxf5 Rxg3 32. hxg3 $18) 31. Re3 Qd6 32. Bxf5 Ne7 (
32... Nd4 33. Re8+ Rf8 34. Rfe1 Nxf5 35. Rxf8+ Qxf8 36. Re8 $18) 33. Qe8+ Rf8
34. Be6+ $1 Qxe6 35. Qxf8+ Kxf8 36. Rxe6 Nc6 37. Rd6 d4 38. Re1 Rg5 39. Rd7 b5
40. b3 a5 41. f4 1-0

[Event "RUS-ch"]
[Site "Krasnodar"]
[Date "2002.08.31"]
[Round "5"]
[White "Nevostrujev, Vladimir"]
[Black "Kosyrev, Vladimir"]
[Result "1-0"]
[WhiteElo "2502"]
[BlackElo "2562"]
[Annotator "Mueller,Karsten"]
[PlyCount "59"]
[EventDate "2002.08.27"]
[EventType "swiss"]
[EventRounds "9"]
[EventCountry "RUS"]
[SourceTitle "CBM 091"]
[Source "ChessBase"]
[SourceDate "2002.11.12"]
[SourceVersion "1"]
[SourceVersionDate "2002.11.12"]
[SourceQuality "1"]

1. e4 e6 2. d4 d5 3. Nd2 Nf6 4. e5 Nfd7 5. c3 c5 6. Bd3 Nc6 7. Ne2 cxd4 8. cxd4
f6 9. Nf4 Nxd4 10. Qh5+ Ke7 11. exf6+ Nxf6 12. Ng6+ hxg6 13. Qxh8 Kf7 14. Qh4
e5 15. Nf3 Nxf3+ 16. gxf3 Bf5 17. Bxf5 gxf5 18. Bg5 Qa5+ 19. Kf1 d4 $5 $146 (
19... Rc8 20. Kg2 Rc4 $6 21. Qh3 Kg6 22. Bxf6 Kxf6 23. Rhc1 Qc5 24. Rxc4 Qxc4
25. Rg1 $14 {1-0 Yandemirov,V-Kislov,M/Warsaw 1993/TD 93\04 (42). (41)}) (19...
g6 20. Bxf6 (20. Rc1 Nh5 21. f4 e4 22. Qh3 $13 {1/2-1/2 Sanz Alonso,F-Ulibin,M/
Ibercaja op 1992/TD 92\04 (45)}) 20... Qa6+ 21. Kg2 Qxf6 22. Qa4 $5 (22. Qxf6+
$6 Kxf6 23. Rac1 Bd6 24. Rhd1 Ke6 25. Rd3 g5 26. Rdc3 Kd7 27. Rd3 (27. Rb3 b6
28. Rd3 d4 29. h4 gxh4 30. f4 Rg8+ $17 {0-1 Van der Wiel,J-Timman,J/Brussels
1986/CBM 01 (55)}) 27... Ke6 28. Rdc3 Kd7 29. Rd3 d4 (29... Ke6 $5) 30. h4 Be7
$6 (30... gxh4 $5) 31. hxg5 Bxg5 32. Rh1 $132 {1-0 Yandemirov,V-Volkov,S/
RUS-sf Kazan 1995/EXP 49 (71)}) 22... Qc6 $5 (22... Qe6 $6 23. Rac1 (23. Rad1
b6 24. Rhe1 $36 {1-0 Miroshnichenko,E-Nosenko,A/Ordzhonikidze 2001/CBM 86 (30)}
) 23... Bd6 24. Qb5 $36 {1-0 Balabaev,F-Wiley,T/Olomouc CZE 2001/The Week in
Chess 354 (36)}) 23. Qb3 Bc5 $5 (23... Bh6 $6 24. Rhd1 Rd8 25. Rd3 Kf6 26. Rc3
Qd7 27. Rc5 b6 28. Rb5 Bf8 29. a4 Bc5 30. a5 d4 31. axb6 axb6 32. Ra6 Qc7 33.
Rbxb6+ (33. Qc4 $36 {1-0 Belov,V-Kosyrev,V/St Petersburg RUS 2001/The Week in
Chess (39)}) 33... Bxb6 34. Rxb6+ Rd6 35. Rb7 Qd8 {0-1 Belov,V-Smikovski,I/
Berlin 1998/CBM Extra 66 (64)} 36. Qf7+ Kg5 37. Qh7 $40) 24. Rhe1 (24. Rac1 b6
25. Rhe1 Kf6 {1/2-1/2 Brodsky,M-Gleizerov,E/Port Erin 2001/CBM 84 ext (25)})
24... Kf6 25. Rac1 b6 26. Qe3 Qd6 27. Qh6 a5 $13 {0-1 Ghane,S-Gleizerov,E/Abu
Dhabi UAE 2002/The Week in Chess 406 (50)}) (19... Be7 $5 20. Kg2 Rd8 (20...
Rc8 $6 21. Rac1 Rc6 22. Rhe1 (22. Rxc6 {1/2-1/2 Schlemmermeyer,W-Meyer,P/
BL8485 1985/BL 80 (22)}) 22... d4 23. Qh3 g6 $6 24. Qh8 Qd5 25. Bh6 Ke6 26. Qg7
Qd8 $2 27. Rxc6+ bxc6 28. Qxg6 Qg8 29. Qxg8+ Nxg8 30. Bf4 Bf6 31. Bxe5 $1 Bxe5
32. f4 {1-0 Blauert,J-Foerster,A/BL2-N 1988/BL2 (32)}) 21. Rhe1 d4 22. Rac1 d3
23. Qc4+ Qd5 24. Bxf6 Bxf6 25. Kf1 {1/2-1/2 Luther,T-Kindermann,S/Baden-Baden
Hofmann Cup 1995/EXT 95 (25)}) 20. Rc1 (20. Bxf6 Qa6+ 21. Kg2 Qxf6 $44) 20...
Be7 21. Kg2 Rd8 22. b4 $5 Qb6 (22... Bxb4 $2 23. Bxf6 gxf6 24. Rc7+ Ke6 25. Qh7
$40) (22... Qxb4 $6 23. Rb1 {[%cal Gb1b7] aktiviert den weißen Turm.}) 23. Rhd1
Bd6 $2 (23... Ke6 $142 $13) 24. f4 $1 e4 25. Bxf6 gxf6 26. Qh3 Qb5 $2 (26...
Bxf4 27. Rc5 Qe6 (27... Qxb4 $2 28. Qh7+ Kf8 29. Rdc1 $16) 28. Qh7+ Kf8 29.
Qxf5 Qxf5 30. Rxf5 Be5 31. f4 exf3+ 32. Rxf3 $14 {/+/-}) 27. Qh5+ $6 (27. Rxd4
$5 Ke7 28. a4 Qd7 29. Rcd1 $18) 27... Kg7 $2 (27... Ke6 28. Rxd4 Rg8+ 29. Kh1
Bxf4 30. Rxe4+ Be5 31. Qh3 Qd5 32. Rce1 Rc8 33. Kg1 Rg8+ 34. Kf1 $16) 28. Kh1
$1 $18 {es folgt ein typischer Überfall auf der g-Linie} Bxf4 29. Rg1+ Bg5 (
29... Kf8 30. Qh8+ Ke7 31. Rg7+ Ke6 32. Qxd8 $18) 30. Rxg5+ (30. Rxg5+ fxg5 31.
Qxg5+ Kf7 32. Qxd8 $18) 1-0

[Event "RUS-ch"]
[Site "Krasnodar"]
[Date "2002.08.27"]
[Round "1"]
[White "Potkin, Vladimir"]
[Black "Kosyrev, Vladimir"]
[Result "1/2-1/2"]
[WhiteElo "2485"]
[BlackElo "2562"]
[Annotator "Mueller,Karsten"]
[PlyCount "83"]
[EventDate "2002.08.27"]
[EventType "swiss"]
[EventRounds "9"]
[EventCountry "RUS"]
[SourceTitle "CBM 091"]
[Source "ChessBase"]
[SourceDate "2002.11.12"]
[SourceVersion "1"]
[SourceVersionDate "2002.11.12"]
[SourceQuality "1"]

1. e4 e6 2. d4 d5 3. Nd2 Nf6 4. e5 Nfd7 5. c3 c5 6. Bd3 Nc6 7. Ne2 cxd4 8. cxd4
f6 9. exf6 Nxf6 10. Nf3 Qc7 11. O-O Bd6 12. Bg5 O-O 13. Bh4 Nh5 14. Qc2 h6 15.
Bg6 Rxf3 $5 {Dieses Qualitätsopfer wird zur Zeit heiß diskutiert. Es sieht so
aus, als würde Schwarz bei genauem Spiel genügend Kompensation erlangen.} 16.
gxf3 (16. Bxh5 Rf8 (16... Rf5 $5 17. Bg6 Bxh2+ 18. Kh1 Bd6 19. Bxf5 exf5 $13 {
0-1 Kharkovsky,D-Polovnikov,G/Novosibirsk RUS 2001/The Week in Chess 352 (52)})
17. Bg3 Bxg3 18. hxg3 Bd7 19. Rad1 Qb6 20. Qd2 $11 {/+/= 1/2-1/2 Bryzgalin,
K-Bagirov,R/Krasnodar RUS 2002/The Week in Chess 393 (63)}) 16... Bxh2+ 17. Kh1
Nf4 18. Ng3 (18. Kxh2 Nxg6+ 19. Bg3 Qf7 20. f4 Nge7 21. Rh1 Nf5 22. Rad1 Bd7
23. Kg2 Be8 24. Qd2 Qf6 25. f3 {1/2-1/2 Jankovskis,G-Szczepanski,O/Porz 1993/
EXT 93op (25)}) 18... Bxg3 $5 (18... Qb6 19. Rac1 (19. Nh5 $6 Nxh5 (19... Qxd4
$5 20. Rad1 Qb4 21. Bh7+ Kh8 22. Nxg7 $6 Nd3 $13 {1-0 Druzhinina,O-Ivkina,O/
Vladimir RUS 2002/The Week in Chess 384 (34)} (22... Nh5 $5)) (19... e5 $5) 20.
Bxh5 Qxd4 21. Qg6 Bd7 22. Qf7+ Kh8 23. Bg3 Bxg3 24. fxg3 Ne5 25. Qe7 Rc8 26.
Rae1 Rc2 27. f4 Qxb2 28. Qh4 Nc6 29. Rb1 Qc3 30. Bg6 Rb2 31. Rxb2 Qxb2 32. Rb1
Qa3 33. Rxb7 Qf3+ 34. Kg1 Qd1+ {1/2-1/2 Iuldachev,S-Bagirov,R/Abu Dhabi UAE
2002/The Week in Chess 406 (34)}) (19. Rad1 Nxd4 20. Qa4 (20. Rxd4 $2 Qxd4 21.
Bh7+ Kh8 22. Kxh2 g5 23. Qc7 Qg7 {0-1 Aagaard,J-Gleizerov,E/Hoogeveen 2000/CBM
78 ext (23)}) 20... Nxg6 (20... Bd7 $5) 21. Qe8+ (21. Qxd4 Qxd4 22. Rxd4 Bxg3
23. Bxg3 Bd7 $44 {1/2-1/2 Suran,J-Chytilek,R/CZE 2001/The Week in Chess 357 
(30)}) 21... Kh7 $2 (21... Nf8 $142 22. Nh5 Be5 $13 (22... Nf5 $13)) 22. Nh5 $1
$18 Be5 (22... Nf5 23. Nf6+ gxf6 24. Qf7+ Ng7 25. Rg1 Qc7 26. Qxg6+ Kg8 27.
Bxf6 Bxg1 28. Rxg1 Qf7 29. Qxh6 $18) (22... Qc7 23. Rg1 Bxg1 24. Rxg1 Nf8 25.
Nf6+ gxf6 26. Qxf8 $18) 23. Rg1 Nf4 (23... Nf5 24. Qxg6+ Kg8 25. Rde1 Bxb2 26.
Bf6 Qxf2 27. Ref1 $18) 24. Nxf4 Nxf3 25. Ng6 Qc6 26. Qh8# {1-0 Iuldachev,
S-Gleizerov,E/Abu Dhabi UAE 2002/The Week in Chess 406 (26)}) 19... Bd7 20.
Kxh2 Nxd4 21. Qc7 Nxf3+ 22. Kh1 Nxg6 23. Qxd7 Ngxh4 (23... Nf8 $6 24. Qa4 Ng6 (
24... g5 25. Bxg5 Nxg5 26. Qh4 Qxb2 27. f4 $36) 25. Be7 Nxe7 26. Qa3 $14 {
[%cal Ga3e7,Ga3f3] /+/- 1/2-1/2 Morovic Fernandez,I-Strugatsky,V/Philadelphia
USA 2002/The Week in Chess 401 (54)}) 24. Rc7 $44 {1-0 Naiditsch,
A-Kalinitschew,S/Altenkirchen GER 2001/The Week in Chess 370 (46)}) (18... Nxg6
$6 19. Qxg6 Bxg3 20. Bxg3 Qe7 (20... Qf7 21. Qxf7+ Kxf7 22. Rac1 $36 {1-0
Belozerov,A-Lependin,A/Novosibirsk 2001/CBM 82 ext (60)}) (20... Qb6 21. Rad1
Bd7 22. Rg1 Qd8 23. Be5 $40 {1-0 Panzalovic,S-Dittmar,P/BL2-S 1993/BL2 (52)})
21. Rg1 Nxd4 22. Bd6 Qh4+ 23. Bh2 Qe7 24. Be5 Qh4+ 25. Bh2 Qe7 26. Qh5 $40 Nf5
27. Be5 Bd7 28. Rxg7+ Nxg7 29. Rg1 Rf8 30. Bxg7 Qxg7 31. Qxh6 Qxg1+ 32. Kxg1
Rf5 33. Qe3 a6 34. f4 $16 {1-0 Oral,T-Hagara,E/Pardubice CZE 2000/The Week in
Chess 299 (47)}) (18... Qd6 19. Rad1 e5 20. Bh7+ Kh8 21. dxe5 (21. Rfe1 $6 g5
22. dxe5 Qe7 23. e6 Qxh7 (23... Bxe6 $5 {e.g. z.B.} 24. Kxh2 Qxh7 25. Qxh7+
Kxh7 26. Ne2 Nxe2 27. Rxe2 Bf7 28. Bg3 d4) 24. e7 {1/2-1/2 Potkin,V-Iljushin,A/
Krasnodar RUS 2002/The Week in Chess 408 (24)} Be6 $1 (24... Qxc2 $2 25. e8=Q+
Kg7 26. Re7+ Nxe7 27. Qxe7+ Kg6 28. Qe8+ Kf6 29. Qf8+ Ke5 30. Re1+ Kd4 31. Qb4+
Qc4 32. Qe7 $11) 25. Qxh7+ (25. Qc3+ Kg8 26. Kxh2 gxh4 27. Nh5 Nxh5 28. Rxe6
Re8 $17) 25... Kxh7 26. Kxh2 gxh4 27. Ne2 Nxe2 28. Rxe2 Bf7 $17) 21... Nxe5 22.
Rfe1 Bh3 23. Rxe5 Qxe5 24. Kxh2 g5 25. Bf5 {1-0 Oral,T-O'Connor,J/Panormo 2001/
CBM 84 ext (41)} Bxf5 26. Qxf5 $11) 19. fxg3 (19. Bxg3 Bd7 20. Qd2 Rf8 21. Rac1
Rf6 $44 {0-1 Altgelt,A-Stamenkovic,Z/Sofia 1994/TD 94\01 (40). (40)}) (19. Bh7+
Kh8 20. fxg3 Nh5 $2 (20... g5 21. gxf4 gxh4 22. Bd3 Qxf4 23. Qg2 Qg3 $13) (
20... Qf7 $5) 21. f4 $16 {1-0 Yemelin,V-Sambuev,B/St Petersburg 2001/CBM 82
ext (33)}) 19... Nxg6 20. Qxg6 Nxd4 21. Rac1 Nc6 22. b4 Qd7 23. Bf6 a6 24. a4
Kf8 $6 {danach erhält Weiß aufgrund seiner besseren Entwicklung und der
ungleichfarbigen Läufer einen sehr gefährlichen Angriff.} (24... Qf7 25. Qxf7+
Kxf7 26. Bc3 Bd7 $11 {/+/=}) 25. b5 Na5 26. Be5 Nc4 27. Rxc4 (27. f4 $5) 27...
dxc4 28. Qh7 (28. b6 $5 {sieht sehr verlockend aus, z.B.} Qf7 29. Qe4 Qh5+ 30.
Kg2 Qg5 31. Rd1 Ke8 32. Qd4 $36 {Wie soll Schwarz sich aus dieser Umklammerung
befreien?}) 28... Qf7 $1 29. Bd6+ $5 (29. Kg2 b6 30. Rd1 Bb7 31. Bd6+ Ke8 32.
Qh8+ Kd7 33. Bb4+ Kc7 34. Bd6+ Kd7 $11) (29. b6 $4 Qh5+ 30. Kg2 Qxe5 $19) 29...
Ke8 30. Qh8+ Kd7 31. Bb8 $1 {[%mdl 640] ein sehr hübscher Angriffszug!} Qh5+
32. Kg2 Rxb8 33. Rd1+ Ke7 34. Qd8+ Kf7 35. Qc7+ Kg6 36. Qxb8 Qf5 37. Qf4 $6 ({
Warum nicht} 37. Rd8 $5 {z.B.} Qc2+ 38. Kf1 Qc1+ 39. Ke2 Qb2+ 40. Rd2 c3 41.
Rxb2 cxb2 42. Qxc8 b1=Q 43. Qxe6+ $14 {/+/-}) 37... axb5 38. axb5 (38. Rd8 $2 {
is answered by wird mit} e5 {beantwortet.}) 38... Qxb5 (38... Qxf4 39. gxf4 e5
$11 (39... c3 $4 40. Rd8 $18)) 39. Qe4+ Kf7 40. Qf4+ ({Mit} 40. Rc1 {konnte
Weiß noch weiterspielen, da der gefährliche c-Bauer fällt.}) 40... Kg6 41. Qe4+
Kf7 42. Qf4+ 1/2-1/2

[Event "FRA-chT Gp-A"]
[Site "France"]
[Date "2003.02.02"]
[Round "3"]
[White "Marciano, David"]
[Black "Nguyen, Chi Minh"]
[Result "1-0"]
[WhiteElo "2502"]
[BlackElo "2366"]
[Annotator "Mueller,Karsten"]
[PlyCount "85"]
[EventDate "2003.01.31"]
[EventType "team"]
[EventRounds "7"]
[EventCountry "FRA"]
[SourceTitle "CBM 094"]
[Source "ChessBase"]
[SourceDate "2003.05.26"]
[SourceVersion "1"]
[SourceVersionDate "2003.05.26"]
[SourceQuality "1"]
[WhiteTeam "Monaco"]
[BlackTeam "Noyon"]
[WhiteTeamCountry "FRA"]
[BlackTeamCountry "FRA"]

1. e4 e6 2. d4 d5 3. Nd2 Nf6 4. Bd3 c5 5. e5 Nfd7 6. c3 Nc6 7. Ne2 f6 8. Nf4
Qe7 9. Nf3 cxd4 10. cxd4 fxe5 11. Nxe5 (11. Ng6 $6 hxg6 12. Bxg6+ Kd8 13. Bg5
Nf6 14. dxe5 Qb4+ 15. Kf1 Be7 16. exf6 gxf6 17. Be3 (17. Bd2 $6 Qg4 18. Bd3 Bd6
19. Be2 Qg8 20. Bc3 Ke7 21. Qb3 e5 $15 {0-1 Nightingale,C-Sutherland,M/corr
1950/MegaCorr2 (32)}) 17... Qg4 18. Bd3 Rg8 19. g3 Qh3+ 20. Kg1 Bd7 $13 {
1-0 Euwe,M-Kramer,H/Leeuwarden 1940/HCL (54)}) 11... Ncxe5 12. dxe5 Nxe5 $6 {
dieser Bauernraub wirkt angesichts des schwarzen Entwicklungsrückstandes sehr
riskant.} (12... g6 $5) 13. Qh5+ Nf7 14. O-O g6 (14... Bd7 15. Re1 O-O-O $6 16.
Nxd5 Qe8 17. Bf4 Bc6 $2 18. Rac1 {1-0 Metral,J-Lucas,B/Picardie-03ch p 1989/
MegaCorr2 (18)}) (14... g5 15. Nh3 h6 16. f4 gxf4 17. Rxf4 Rg8 18. Bg6 $36 {
1-0 Ruiz Beso-Andani Castro,J/corr 1987/MegaCorr2 (24)}) 15. Bb5+ (15. Qe2 $5
Bd7 (15... Bg7 $6 16. Bb5+ Kf8 17. Bd2 a6 $2 18. Nxd5 Qd8 (18... exd5 19. Bb4
$18) 19. Bb4+ Nd6 20. Rad1 $18 {1-0 Lastin,A-Borovikov,V/Marganets 1999/EXT
2001 (26)}) 16. Re1 O-O-O 17. Be3 Kb8 $6 18. Nxd5 $16 {1-0 Kauranen,R-Stransky,
E/corr ICCF 1984/MegaCorr2 (38)}) 15... Bd7 16. Qe2 (16. Bxd7+ $5 Qxd7 17. Qh3
e5 18. Qxd7+ Kxd7 19. Nxd5 Kc6 20. Nc3 Bc5 21. Be3 $14 {1-0 Wahls,M-Masserey,Y/
Biel 1994/CBM 43 (30). (29)}) 16... Bxb5 17. Qxb5+ Qd7 18. Nxe6 Qxb5 19. Nc7+
Kd7 20. Nxb5 $11 Bg7 21. Rd1 a6 22. Nd4 (22. Nc3 $6 Bxc3 23. bxc3 Kc6 24. Be3
Nd6 $15) 22... Nd6 23. Ne2 Rae8 24. Kf1 Kc6 25. Nd4+ Bxd4 26. Rxd4 Nf5 27. Rd3
Rhf8 $6 (27... Re4 $11) 28. g4 $1 $14 Nh4 29. Be3 Re4 30. Rc1+ Rc4 31. Rcd1 Nf3
32. h3 Rd8 33. Kg2 Ne5 34. R3d2 h5 $2 (34... Re4 35. Rc2+ Rc4 36. Re2 d4 37.
Bxd4 Rdxd4 38. Rxd4 Rxd4 39. Rxe5 Rd2 $132) 35. Bd4 Re8 $2 (35... Nd7 36. b3
Rb4 37. Re1 $16) 36. b3 $18 {[%cal Gd2e2,Ge2e8]} Rb4 37. Re2 hxg4 38. Bxe5
gxh3+ 39. Kxh3 d4 40. f4 g5 41. fxg5 Re6 42. Rd3 Kd5 43. a3 1-0

[Event "EU-Cup 18th"]
[Site "Kallithea"]
[Date "2002.09.24"]
[Round "3.5"]
[White "Watzka, Horst"]
[Black "Apicella, Manuel"]
[Result "1/2-1/2"]
[WhiteElo "2351"]
[BlackElo "2510"]
[Annotator "Mueller,Karsten"]
[PlyCount "94"]
[EventDate "2002.09.22"]
[EventType "team-swiss"]
[EventRounds "7"]
[EventCountry "GRE"]
[SourceTitle "CBM 092"]
[Source "ChessBase"]
[SourceDate "2003.02.06"]
[SourceVersion "1"]
[SourceVersionDate "2003.02.06"]
[SourceQuality "1"]
[WhiteTeam "Graz Merkur"]
[BlackTeam "Clichy Echecs 92"]
[WhiteTeamCountry "AUT"]
[BlackTeamCountry "FRA"]

1. e4 e6 2. d4 d5 3. Nd2 Nf6 4. e5 Nfd7 5. Bd3 c5 6. c3 Nc6 7. Ne2 cxd4 8. cxd4
f6 9. exf6 Nxf6 10. Nf3 Bd6 11. O-O O-O 12. Bf4 Bxf4 13. Nxf4 Ne4 14. Qc1 Ng5
15. Nxg5 Qxg5 16. Ne2 Qf6 $5 {Schwarz braucht die Dame für sein Gegenspiel.}
17. Qe3 Bd7 {Es handelt sich hierbei um eines der prinzipiellen Abspiele der
Tarraschvariante. Wie schwach ist der rückständige Bauer e6, der im Franzosen
so häufig entsteht? Es zeigt sich, dass Schwarz durch Druck gegen d4, die
Möglichkeit e6-e5 und Spiel auf der halboffenen f- sowie ggf der c-Linie
genügend Gegenspiel erhält, um die Lage mehr oder weniger im Gleichgewicht zu
halten (jedenfalls scheint das der aktuelle Stand der Theorie zu sein).} 18.
Bb5 (18. Rac1 Rac8 (18... Be8 19. Rfd1 Kh8 20. f3 a6 21. Bc2 Rd8 {1/2-1/2
Godena,M-Tatai,S/Chianciano 1989/EXT 89ch2 (21)}) 19. a3 a6 (19... Be8 20. Rfe1
Bh5 21. f3 a6 22. Rc5 Rfe8 23. Rec1 e5 24. dxe5 Rxe5 25. Qf4 Qe7 26. Nd4 Rf8
27. Nxc6 bxc6 28. Qd2 Rg5 29. f4 Rg4 30. Rxc6 Rgxf4 31. Rc8 Qa7+ {1/2-1/2
Kozhevin,S-Gleizerov,E/Podolsk 1993/TD 93\07 (31)}) 20. b4 Na7 21. Nc3 h6 22.
Rfd1 $14 {1/2-1/2 Gurevich,I-Zueger,B/London 1991/TD 91\08 (54)}) (18. Rad1
Rac8 (18... Nb4 19. Nc3 Nxd3 20. Rxd3 b5 21. Rc1 b4 22. Nb1 Rac8 $11 {1/2-1/2
Kudrin,S-Zueger,B/Bern 1988/CBM 08 (46)}) 19. Bb1 Be8 20. g3 (20. h3 Bf7 21.
Nf4 Rfe8 22. b3 e5 $11 {0-1 Dvoirys,S-Ulibin,M/Cheliabinsk 1990/EXT 90 (53)})
20... Bh5 21. f3 Rfe8 22. Nf4 Bf7 23. b3 e5 $11 {1/2-1/2 Dvoirys,S-Ulibin,M/
Simferopol 1988/CBM 11 (43)}) 18... Nb8 (18... Rac8 $6 19. Bxc6 Rxc6 20. Rfc1
Rfc8 21. Rxc6 Rxc6 22. Nc3 Rc4 23. Rd1 h6 24. h3 a6 25. Rd2 b5 26. a3 $14 {
1-0 Dautov,R-Bagirov,R/Istanbul TUR 2000/The Week in Chess 314 (43). (42)}) 19.
Bd3 (19. Bxd7 Nxd7 20. Rac1 Nb6 21. b3 Rac8 (21... Rf7 22. g3 g5 23. Rc3 Re8 $6
24. f4 Nc8 25. Qc1 $14 {0-1 Marjanovic,S-Apicella,M/Bucharest 2000/CBM 77 (57).
(57)}) 22. Rfe1 Kh8 23. g3 g5 24. Kg2 Rf7 25. Rxc8+ Nxc8 26. Nc1 Nd6 $11 {
1/2-1/2 Berelovich,A-Volkov,S/St Petersburg RUS 1999 (96)}) 19... Nc6 20. Bb5 (
20. Rad1 Rac8 21. Nc3 Be8 22. Rfe1 Bf7 23. Bb5 Nd8 $5 24. Rc1 a6 25. Bd7 Rc4
26. Red1 Qe7 27. Ba4 Qd6 28. Bb3 Rc7 $11 {/+/= 0-1 Godena,M-De la Villa Garcia,
J/Saint Vincent ITA 1999 (50)}) 20... Rae8 {Apicella möchte weiterspielen.} 21.
f4 (21. Bxc6 Bxc6 22. Nc3 (22. f4 Bb5 $11) 22... e5 23. dxe5 Rxe5 (23... Qxe5
$5) 24. Qxa7 (24. Qd4 Rg5 25. Ne2 $11) 24... Rg5 25. f3 d4 26. Ne4 Rxg2+ 27.
Kxg2 Bxe4 $11) 21... Nb8 $1 (21... a6 $6 22. Bxc6 Bxc6 23. Rf2 $14) 22. Bd3 Re7
23. Rae1 Nc6 24. Qd2 a6 25. h3 h5 {Apicella tritt einer weißen Expansion am
Königsflügel frühzeitig entgegen und plant h5-h4.} (25... Be8 {kam auch in
Betracht.}) 26. Qe3 h4 27. Bb1 Ref7 (27... Be8 $5 28. Qd3 Qf5 $11) 28. Kh2 Qh6
29. Rf3 Ne7 30. Bd3 Rf6 31. Rc1 Nc6 32. Rg1 Nb4 33. g4 hxg3+ (33... Nxd3 $4 34.
g5 $18) 34. Rfxg3 Nxd3 35. Qxd3 $6 (35. Rxg7+ Qxg7 36. Rxg7+ Kxg7 37. Qxd3 Bb5
38. Qe3 Bxe2 39. Qxe2 $11) 35... Bb5 $6 (35... R8f7 36. Rg6 Bb5 37. Rxh6 Bxd3
38. Rxf6 Rxf6 39. Nc1 Be4 $15) 36. Rxg7+ $1 Qxg7 37. Rxg7+ Kxg7 38. Qe3 Bxe2
39. Qxe2 Rxf4 40. Qxe6 R4f5 41. a4 R8f6 42. Qd7+ Rf7 43. Qe6 Rf2+ $6 (43...
R7f6 $11) 44. Kg3 R2f6 45. Qxd5 Kh7 $6 (45... Rg6+ 46. Kh2 (46. Kh4 Rh6+ 47.
Kg3 Rg6+ $11) 46... Rf2+ 47. Kh1 Rf1+ $11) 46. Qh5+ Kg7 47. Qd5 $6 (47. Qe5
$142) 47... Kh7 $6 $14 {/+/- Weiß hätte sicherlich noch weiterspielen können.}
1/2-1/2